000 00482 a2200181 4500
001 131147
003 OSt
005 20210908115759.0
008
082 _a531.38
_bL23T
100 1 _aLandau, L.D.
245 1 _aTheory of elasticity : course of theoretical physics
_cby L.D. Landau and E.M. Lifshitz
260 _aUk
_bButterworth Elsevier
_c2010
300 _a187p.
690 _aElasticity
700 _aLifshitz, E.M.
942 _2ddc
_cBK
999 _c5683
_d5683